Bundesliga-Trainer nach Bildern - Statistiken

Allgemein
  • Dieses Quiz wurde 79 mal gespielt
    8 seit der letzten Aktualisierung
  • Das Durchschnittsergebnis liegt bei 14 aus 18
Antwortstatistiken
Bildquiz Antwort % Korrekt
Julian Schuster
100%
Vincent Kompany
100%
Alexander Blessin
80%
Bo Henriksen
80%
Dino Toppmöller
80%
Eugen Polanski
80%
Frank Schmidt
80%
Kasper Hjulmand
80%
Lukas Kwasniok
80%
Merlin Polzin
80%
Niko Kovac
80%
Ole Werner
80%
Sandro Wagner
80%
Sebastian Hoeneß
80%
Steffen Baumgart
80%
Christian Ilzer
60%
Horst Steffen
60%
Paul Simonis
60%
Keine übereinstimmenden Quizze gefunden
Verteilung der Resultate
Anzahl Personen mit jedem Resultat
Perzentil nach korrekt beantworteten Fragen
Ihre Resultats-Entwicklung
Sie haben dieses Quiz seit der letzten Aktualisierung nicht gespielt